Developmental neuropsychology
Αποθηκεύτηκε σε:
| Κύριος συγγραφέας: | |
|---|---|
| Άλλοι συγγραφείς: | , |
| Μορφή: | Βιβλίο |
| Γλώσσα: | English |
| Δημοσίευση: |
New York :
Oxford University Press,
1995
|
| Θέματα: | |
| Ετικέτες: |
Προσθήκη ετικέτας
Δεν υπάρχουν, Καταχωρήστε ετικέτα πρώτοι!
|
MARC
| LEADER | 00000nam a2200000 i 4500 | ||
|---|---|---|---|
| 001 | 1/95809 | ||
| 008 | 991209s1995 eng d | ||
| 020 | |a 0-19-506737-1 | ||
| 035 | |l 10055461 | ||
| 040 | |a GR-MY-UA |b gre |e aacr | ||
| 041 | 0 | |a eng | |
| 082 | 0 | |a 618.928 | |
| 100 | 1 | |a Spreen, Otfried. | |
| 245 | 1 | 0 | |a Developmental neuropsychology / |c Otfried Spreen, Anthony H. Risser, Dorothy Edgell |
| 260 | |a New York : |b Oxford University Press, |c 1995 | ||
| 650 | 0 | 0 | |a Pediatric neuropsychology. |
| 650 | 0 | 0 | |a Developmental disabilities. |
| 650 | 0 | 0 | |a Developmental neurobiology. |
| 700 | 1 | |a Risser, Anthony H. | |
| 700 | 1 | |a Edgell, Dorothy. | |
| 852 | |a INST |b RHODES |e 19991209 |h 618.928 SPR |p 005400012394 |q 005400012394 |t BK |y 0 | ||
| 901 | |a BIBL4-1999-3 | ||
| 909 | |a Ρ |b 069070 | ||
| 922 | |a 4ΕΛΗ |b 199909 |c ΚΠΣ/154 |d GLORY BOOKS | ||
| 970 | |a ΚΟΥΛΑΚΙΟΤΗ |b ΛΙΤΣΑ |z 1999/12/09 | ||